Head First design patterns / (Record no. 25287)

MARC details
000 -LEADER
fixed length control field 02007cam a22004457a 4500
001 - CONTROL NUMBER
control field 14067631
003 - CONTROL NUMBER IDENTIFIER
control field OSt
005 - DATE AND TIME OF LATEST TRANSACTION
control field 20250924144431.0
008 - FIXED-LENGTH DATA ELEMENTS--GENERAL INFORMATION
fixed length control field 050808s2004 caua 001 0 eng d
010 ## - LIBRARY OF CONGRESS CONTROL NUMBER
LC control number 2005280819
020 ## - INTERNATIONAL STANDARD BOOK NUMBER
International Standard Book Number 9780596007126
020 ## - INTERNATIONAL STANDARD BOOK NUMBER
International Standard Book Number 0596007124
035 ## - SYSTEM CONTROL NUMBER
System control number 14067631
035 ## - SYSTEM CONTROL NUMBER
System control number (OCoLC)56929619
040 ## - CATALOGING SOURCE
Original cataloging agency VYR
Transcribing agency VYR
Modifying agency JRZ
-- BAKER
-- DLC
042 ## - AUTHENTICATION CODE
Authentication code lccopycat
050 00 - LIBRARY OF CONGRESS CALL NUMBER
Classification number QA76.D47
Item number BAT 2004
082 04 - DEWEY DECIMAL CLASSIFICATION NUMBER
Classification number 005.1
Edition number 22
245 00 - TITLE STATEMENT
Title Head First design patterns /
Statement of responsibility, etc. Eric Freeman, Elisabeth Freeman [Robson], with Kathy Sierra and Burt Bates.
260 ## - PUBLICATION, DISTRIBUTION, ETC. (IMPRINT)
Place of publication, distribution, etc. Sebastopol, CA :
Name of publisher, distributor, etc. O'Reilly,
Date of publication, distribution, etc. c2004.
300 ## - PHYSICAL DESCRIPTION
Extent xxxvi, 638 p. :
Other physical details ill. ;
Dimensions 24 cm.
336 ## - CONTENT TYPE
Content type term text
Content type code txt
Source rdacontent
337 ## - MEDIA TYPE
Media type term unmediated
Media type code n
Source rdamedia
338 ## - CARRIER TYPE
Carrier type term volume
Carrier type code nc
Source rdacarrier
500 ## - GENERAL NOTE
General note Includes index.
505 0# - FORMATTED CONTENTS NOTE
Formatted contents note Welcome to design patterns -- Keeping your objects in the know -- Decorating objects -- Baking with OO goodness -- One of a kind objects -- Encapsulating invocation -- Being adaptive -- Encapsulating algorithms -- Well-managed collections -- The state of things -- Controlling object access -- Patterns of patterns -- Patterns in the real world -- Appendix: leftover patterns.
650 #0 - SUBJECT ADDED ENTRY--TOPICAL TERM
Topical term or geographic name as entry element Computer software
General subdivision Development.
650 #0 - SUBJECT ADDED ENTRY--TOPICAL TERM
Topical term or geographic name as entry element Java (Computer program language)
700 1# - ADDED ENTRY--PERSONAL NAME
Personal name Freeman, Eric,
Dates associated with a name 1965-
700 1# - ADDED ENTRY--PERSONAL NAME
Personal name Robson, Elisabeth.
700 1# - ADDED ENTRY--PERSONAL NAME
Personal name Sierra, Kathy.
700 1# - ADDED ENTRY--PERSONAL NAME
Personal name Bates, Bert.
856 42 - ELECTRONIC LOCATION AND ACCESS
Materials specified Publisher description
Uniform Resource Identifier <a href="http://www.loc.gov/catdir/enhancements/fy0715/2005280819-d.html">http://www.loc.gov/catdir/enhancements/fy0715/2005280819-d.html</a>
856 42 - ELECTRONIC LOCATION AND ACCESS
Materials specified Contributor biographical information
Uniform Resource Identifier <a href="http://www.loc.gov/catdir/enhancements/fy0912/2005280819-b.html">http://www.loc.gov/catdir/enhancements/fy0912/2005280819-b.html</a>
856 41 - ELECTRONIC LOCATION AND ACCESS
Materials specified Table of contents only
Uniform Resource Identifier <a href="http://www.loc.gov/catdir/enhancements/fy1305/2005280819-t.html">http://www.loc.gov/catdir/enhancements/fy1305/2005280819-t.html</a>
906 ## - LOCAL DATA ELEMENT F, LDF (RLIN)
a 7
b cbc
c copycat
d 2
e ncip
f 20
g y-gencatlg
942 ## - ADDED ENTRY ELEMENTS (KOHA)
Source of classification or shelving scheme Library of Congress Classification
Koha item type Books in General collection
Holdings
Withdrawn status Lost status Source of classification or shelving scheme Damaged status Not for loan Home library Current library Date acquired Total Checkouts Full call number Barcode Date last seen Copy number Price effective from Koha item type
    Library of Congress Classification     Mzuni ODeL- Karonga Satellite Centre Library Mzuni ODeL- Karonga Satellite Centre Library 24/09/2025   QA76.D47 BAT 2004 mZUlm-034693 24/09/2025 034693 24/09/2025 Books in General collection